| 000 | 00000nam##2200000za#4500 |
| 001 | 9.676724 |
| 003 | CaOODSP |
| 005 | 20210624230024 |
| 007 | cr ||||||||||| |
| 008 | 150407|1994||||xxc|||||o f|0| 0 fre|d |
| 040 | |aCaOODSP|bfre |
| 041 | |aeng |
| 041 | |afre |
| 041 | |aspa |
| 043 | |an-cn--- |
| 086 | 1 |aCW66-132/1994-PDF |
| 110 | 2 |aService canadien de la faune. |
| 245 | 10|aGuide d'identification CITES - oiseaux : |h[ressource électronique]|bGuide d'identification des oiseaux protégés par la Convention sur le commerce international des espèces de faune et de flore sauvages menacées d'extinction / |c[co-publié par le] Cégep de Baie-Comeau. |
| 246 | 1 |aGuía de identificación de CITES – aves : guía de identificación de las aves protegidas por la Convención sobre el Comercio Internacional de Especies Amenazadas de Fauna y Flora Silvestres |
| 260 | |aOttawa - Ontario : |bEnvironnement Canada. |cc1994. |
| 300 | |a454p.|bfigures en couleur, ill. (certaines en couleur), tableaux, index |
| 500 | |aLe n° de catalogue (CW66-132/1994) et l'ISBN (0-662-61183-7) de l'édition imprimée trilingue ont été copiés dans l'édition électronique. |
| 546 | |aTexte en français, anglais et espagnol. |
| 590 | |a14-21-Supp|b2014-12-11 |
| 691 | 07|aEspèce menacée|2gcpds |
| 691 | 07|aManuel|2gcpds |
| 691 | 07|aOiseau|2gcpds |
| 791 | |tCITES identification guide - birds : |eeng|w(CaOODSP)9.676723 |
| 856 | 40|ahttp://publications.gc.ca|qPDF|s13.86 Mo|uhttps://publications.gc.ca/collections/collection_2014/ec/CW66-132-1994.pdf |